01454 2200241 4500001002100000005001500021008004100036020001800077035002000095082001200115084001800127100002000145245002800165260003100193300002300224520089800247650001201145990001101157990001101168990001101179990001101190990001101201INLIS00000000000047620220620110625220620 0 ind  a979-688-226-4 a0010-0621000076 aR.574.5 aR.574.5 OHA b1 aOhara, Scarlett1 aBuku Saku :bFakta Alam aJakarta :bErlangga,c1997 a128 hlm. ;c18 cm. aBuku Saku Fakta Alam Kumbang apa yang terberat di dunia ? Bagaimana tumbuhan menyebarkan bijinya ? Bagaimana ikan buntal mendeteksi predatornya ? Apakah ubur-ubur mempunyai otak ? Mengapa di musim tertentu sekelompokburung harus berimigrasi ?Jawabannya bisa Anda dapatkan dalam lembaran-lembaran buku saku yang cantik dan informatif ini. Fakta Alam adalah salah satu dari Seri Buku Saku yang disajikan dalam format yang menarik, sarat informasi, serta dilengkapi dengan berbagai foto berwarna yang mempesona dan detail. Buku ini juga memuat tabel dan pembahasan khusus mengenai ekologi dan lingkungan. Tak pelak lagi, Fakta Alam merupakan santapan bagi semua kalangan, baik tua maupun muda, yang mempunyai rasa keingintahuan dan minat besar pada dunia flora dan fauna. Bayangkan, Anda bisa mendapatkan jawaban dari segala keajaiban dan keanehan alam dalam satu buku ini ! Selamat membaca!!! of 4aBiologi a010731 a010732 a010733 a010734 a010735